[Event "Quang Ninh IM-A"]
[Site "Ha Long"]
[Date "2024.05.17"]
[Round "6"]
[White "Nguyen, Van Huy"]
[Black "Harshad, S."]
[Result "1/2-1/2"]
[WhiteElo "2362"]
[BlackElo "2247"]
[PlyCount "30"]
[EventDate "2024.05.14"]
[EventType "tourn"]
[EventRounds "9"]
[EventCountry "VIE"]
[SourceTitle "CBM 220 Extra"]
[Source "ChessBase"]
[SourceDate "2024.07.31"]
[SourceVersion "1"]
[SourceVersionDate "2024.07.31"]
[SourceQuality "1"]

1. d4 Nf6 2. c4 e6 3. Nf3 d5 4. g3 Be7 5. Bg2 0-0 6. 0-0 dxc4 7. Qc2 a6 8. a4 Nbd7 9. Nbd2 b6 10. Nxc4 Bb7 11. Bg5 h6 12. Bxf6 Nxf6 13. Rfd1 Be4 14. Qc1 Qb8 15. Nfe5 Bxg2 1/2-1/2

[Event "Quang Ninh IM-A"]
[Site "Ha Long"]
[Date "2024.05.14"]
[Round "2"]
[White "Nguyen, Van Huy"]
[Black "Aashman, Gupta"]
[Result "1-0"]
[WhiteElo "2362"]
[BlackElo "2219"]
[PlyCount "139"]
[EventDate "2024.05.14"]
[EventType "tourn"]
[EventRounds "9"]
[EventCountry "VIE"]
[SourceTitle "CBM 220 Extra"]
[Source "ChessBase"]
[SourceDate "2024.07.31"]
[SourceVersion "1"]
[SourceVersionDate "2024.07.31"]
[SourceQuality "1"]

1. d4 d5 2. Nf3 c6 3. c4 e6 4. Qc2 dxc4 5. Qxc4 b5 6. Qc2 Bb7 7. e4 Nf6 8. Bd3 a6 9. 0-0 Nbd7 10. a4 Be7 11. Nbd2 Qb6 12. Nb3 h6 13. Bf4 Rc8 14. Rfc1 c5 15. dxc5 Bxc5 16. axb5 axb5 17. Nxc5 Rxc5 18. Qe2 0-0 19. Rd1 Rcc8 20. Bxb5 Nc5 21. Be3 Ng4 22. Bxc5 Rxc5 23. Ba6 Rfc8 24. Bxb7 Qxb7 25. Nd4 Nf6 26. Re1 Rc4 27. Rad1 e5 28. Nf5 Rxe4 29. Qd2 Rxe1+ 30. Rxe1 Rb8 31. Qd6 Qxb2 32. Nxh6+ gxh6 33. Qxf6 Rb6 34. Qf5 Kg7 35. h3 Rf6 36. Qg4+ Rg6 37. Qe4 Rf6 38. Qg4+ Rg6 39. Qf3 Qd4 40. Re4 Qd5 41. g3 Qc5 42. Kg2 Qd5 43. Kh2 Qc5 44. Qe2 Re6 45. Kg1 Qc1+ 46. Kg2 Qc6 47. Kh2 Qc5 48. h4 Rf6 49. Kg1 Qc1+ 50. Kg2 Qc5 51. Qb2 Rf5 52. Rg4+ Kh7 53. Qd2 Qc6+ 54. Kg1 Qf3 55. Rc4 Rf6 56. Qe1 Rd6 57. Rc1 Rd5 58. Kh2 Rd6 59. Rc3 Qf5 60. Rc5 Re6 61. Qe3 Qf6 62. Kg2 Kg7 63. Rc4 Qf5 64. Qe2 e4 65. Qe3 Kh7 66. Rc5 Re5 67. Rc7 Re6 68. Kg1 Rf6 69. Qd4 Qh3 70. Re7 1-0